Hacia un nuevo enfoque del diseño estructural al estudiante de arquitectura
Presenta el interés por conocer y profundizar en el problema de formación académica “hacia un nuevo enfoque del diseño estructural al estudiante de arquitectura”.
| Main Author: | |
|---|---|
| Other Authors: | |
| Format: | Tesis Section = Libro |
| Language: | Undetermined Spanish |
| Published: |
Guatemala
USAC-G
1980
|
| Subjects: |
| LEADER | 00842nam a2200217Ia 4500 | ||
|---|---|---|---|
| 008 | 240830s9999 xx 000 0 und d | ||
| 040 | |a BIBLIOTECA-RUSB/ Mon 721.7281 S718 | ||
| 041 | |a spa | ||
| 082 | |a Mon 721.7281 S718 | ||
| 100 | 1 | |a Soto Castillo, Magally | |
| 245 | 1 | 0 | |a Hacia un nuevo enfoque del diseño estructural al estudiante de arquitectura |
| 260 | |a Guatemala |b USAC-G |c 1980 | ||
| 300 | |a 103 p. :il. | ||
| 502 | |a Tesis (Arquitecto) - USAC-G, 1980. | ||
| 520 | 3 | |a Presenta el interés por conocer y profundizar en el problema de formación académica “hacia un nuevo enfoque del diseño estructural al estudiante de arquitectura”. | |
| 650 | 7 | |a construcción ARQUITECTONICA - GUATEMALA | |
| 650 | 7 | |b DISEÑO DE ESTRUCTURA I | |
| 700 | 1 | |a Tutor: |b Escobar Ortíz, Jorge | |
| 942 | |c BK |2 ddc | ||
| 991 | |a TESIS | ||
| 999 | |c 21197 | ||